000
00247nam a22001217a 4500
082
_a
507.2 PFE'C
100
_a
PFEIFFER, J
_9
56333
245
_a
THE CELL
250
_a
2N
260
_a
HONG KONG
_b
TIME-LIFE
_c
1980
300
_a
200P
942
_c
BK
999
_c
566784
_d
566784